000 00755nam a2200277Ia 4500
003 OSt
005 20220912151427.0
006 a|||||r|||| 00| 0
007 ta
008 220909b |||||||| |||| 00| 0 eng d
024 _a43719
037 _cTextual
040 _aCSL
_beng
_cCSL
041 _aeng
082 _aD65,8(B)92p1, M9
100 _aJesshope C R Ed.
245 0 _aConpar 88
260 _aCambridge
_bCUP
_c1989
300 _a761p.
_ccm.
490 _aBritish Computer Society Workshop Series
650 _a Computer program language
650 _aComputer science
700 _a Reinartz K D Ed.
942 _hD65,8(B)92p1, M9
_cTEXL
_2CC
999 _c68347
_d68347